000 00433nam a2200157 i 4500
001 134190
003 ES-MaACL
005 20230906194623.0
007 t|
008 070906s1911 pl ||||1| pol d
100 1 _aWeyssenhoff, Jósef.
_9116609
245 1 0 _aHetmani
_b: powiesc wspolczesna /
_cJózef Weyssenhoff.
260 _aWarszawa :
_bGebethner i Wolff,
_c1911.
300 _a383 p. ;
_c19 cm.
852 _aES-MaACL
_jG-471
999 _c134190
_d134190